Logo BPK

Biblioteka

Politechniki Koszalińskiej

Optymalizacja w projektowaniu regionalnej gospodarki odpadami stałymi / (Rekord nr 22771)

Szczegóły MARC
000 -ETYKIETA REKORDU
podpole kontrolne o stałej długości 00459nam a2200157 i 4500
001 - NUMER KONTROLNY REKORDU
pole kontrolne bg
040 ## - ŹRÓDŁO KATALOGOWANIA
Instytucja, która utworzyła rekord BPK
041 ## - KOD JĘZYKA
Kod języka tekstu pol
080 ## - UNIWERSALNA KLASYFIKACJA DZIESIĘTNA - UKD
UKD 628.4:338.23:711.1/.2(438)
008 - POLE O STAŁEJ DŁUGOŚCI - DANE KONTROLNE
podpole kontrolne o stałej długości s pl f |000 0 pol
100 1# - NAZWA OSOBOWA
Nazwa osobowa CHOLEWIŃSKI, Jerzy
245 #0 - TYTUŁ/ODPOWIEDZIALNOŚĆ
Tytuł Optymalizacja w projektowaniu regionalnej gospodarki odpadami stałymi /
Pozostałe elementy strefy tytułu i oznaczenia odpowiedzialności J. Cholewiński, S. Cholewiński.
260 ## - STREFA ADRESU WYDAWNICZEGO
Miejsce wydania Warszawa,
Data publikacji, dystrybucji/powstania dokumentu 1984.
700 1# - HASŁO DODATKOWE - NAZWA OSOBOWA
Nazwa osobowa CHOLEWIŃSKI, Stanisław
856 ## - LOKALIZACJA I DOSTĘP DO ELEKTRONICZNYCH DOKUMENTÓW ZDALNYCH
Link (URL) http://koha.tu.koszalin.pl/cgi-bin/koha/opac-detail.pl?biblionumber=22771
Tekst linku Katalog online BPK
942 ## - DODATKOWE ELEMENTY (KOHA)
Typ dokumentu Książka
Egzemplarze
Wycofany Status egzemplarza Uszkodzony Dostępność Lokalizacja stała Lokalizacja bieżąca Miejsce przechowywania Sygnatura Kod kreskowy Ostatnio wypożyczono Typ dokumentu
      Dostępny Biblioteka Politechniki Koszalińskiej Biblioteka Politechniki Koszalińskiej Wypożyczalnia BG 32007 01196870 10.01.2019 Książka
© 2023 Biblioteka Politechniki Koszalińskiej :: KOHA